|
|
|
|
| LEADER |
02026nam a2200445 i 4500 |
| 001 |
EBC4804224 |
| 003 |
MiAaPQ |
| 005 |
20200520144314.0 |
| 006 |
m o d | |
| 007 |
cr cnu|||||||| |
| 008 |
170224t20172017gw a ob 001 0 ger d |
| 020 |
|
|
|z 9783110371727
|
| 020 |
|
|
|a 9783110439892
|q (electronic bk.)
|
| 020 |
|
|
|a 9783110439908
|q (electronic bk.)
|
| 035 |
|
|
|a (MiAaPQ)EBC4804224
|
| 035 |
|
|
|a (Au-PeEL)EBL4804224
|
| 035 |
|
|
|a (CaPaEBR)ebr11344765
|
| 035 |
|
|
|a (CaONFJC)MIL984116
|
| 035 |
|
|
|a (OCoLC)973188372
|
| 040 |
|
|
|a MiAaPQ
|b eng
|e rda
|e pn
|c MiAaPQ
|d MiAaPQ
|
| 043 |
|
|
|a e-gx---
|
| 050 |
|
4 |
|a HF5415.13
|b .G786 2017
|
| 082 |
0 |
|
|a 658.8
|2 23
|
| 100 |
1 |
|
|a Grunwald, Guido,
|e author.
|
| 245 |
1 |
0 |
|a Angewandte Marketinganalyse :
|b Praxisbezogene Konzepte und Methoden zur betrieblichen Entscheidungsunterstutzung /
|c Guido Grunwald, Bernd Hempelmann.
|
| 264 |
|
1 |
|a Berlin, [Germany] ;
|a Boston, [Massachusetts] :
|b De Gruyter Oldenbourg,
|c 2017.
|
| 264 |
|
4 |
|c 2017
|
| 300 |
|
|
|a 1 online resource (448 pages) :
|b illustrations
|
| 336 |
|
|
|a text
|2 rdacontent
|
| 337 |
|
|
|a computer
|2 rdamedia
|
| 338 |
|
|
|a online resource
|2 rdacarrier
|
| 504 |
|
|
|a Includes bibliographical references and index.
|
| 588 |
|
|
|a Description based on online resource; title from PDF title page (ebrary, viewed February 24, 2017).
|
| 590 |
|
|
|a Electronic reproduction. Ann Arbor, MI : ProQuest, 2016. Available via World Wide Web. Access may be limited to ProQuest affiliated libraries.
|
| 650 |
|
0 |
|a Marketingt
|z Germany
|x Management.
|
| 655 |
|
4 |
|a Electronic books.
|
| 700 |
1 |
|
|a Hempelmann, Bernd,
|e author.
|
| 776 |
0 |
8 |
|i Print version:
|a Grunwald, Guido.
|t Angewandte Marketinganalyse : Praxisbezogene Konzepte und Methoden zur betrieblichen Entscheidungsunterstutzung.
|d Berlin, [Germany] ; Boston, [Massachusetts] : De Gruyter Oldenbourg, c2017
|h viii, 440 pages
|z 9783110371727
|
| 797 |
2 |
|
|a ProQuest (Firm)
|
| 856 |
4 |
0 |
|u https://ebookcentral.proquest.com/lib/matrademy/detail.action?docID=4804224
|z Click to View
|